Platobné karty - fenomén súčasnosti
Príležitosť konfrontácie bankovníctva na treťom výročnom stretnutí medzinárodného združenia Payment International PCL v Seville. Testovanie najnovších technológií počítačových firiem pracujúcich v tejto oblasti. Nové osobné kontakty s poprednými bankármi a obchodníkmi.
Gespeichert in:
| 1. Verfasser: | |
|---|---|
| Format: | Buchkapitel |
| Sprache: | Slowakisch |
| Schlagworte: | |
| Tags: |
Keine Tags, Fügen Sie das erste Tag hinzu!
|
MARC
| LEADER | 00000naa a2200000 4500 | ||
|---|---|---|---|
| 001 | r022487 | ||
| 005 | 20230801104351.4 | ||
| 041 | 0 | |a slo | |
| 044 | |a SK | ||
| 245 | 1 | 0 | |a Platobné karty - fenomén súčasnosti |c E. Bujačková |
| 520 | |a Príležitosť konfrontácie bankovníctva na treťom výročnom stretnutí medzinárodného združenia Payment International PCL v Seville. Testovanie najnovších technológií počítačových firiem pracujúcich v tejto oblasti. Nové osobné kontakty s poprednými bankármi a obchodníkmi. | ||
| 610 | 2 | 0 | |a Európa |
| 610 | 2 | 0 | |a 1996 |
| 610 | 2 | 0 | |a Španielsko |
| 610 | 2 | 0 | |a Sevilla |
| 610 | 2 | 0 | |a Europay International S.A. |
| 610 | 2 | 0 | |a karty platobné |
| 610 | 2 | 0 | |a bankomaty |
| 610 | 2 | 0 | |a bankovníctvo |
| 610 | 2 | 0 | |a technológie informačné |
| 100 | 1 | |a Bujačková, E. | |